Srovnání nových zákonů regulujících zprostředkování pojistění v ČR a SR

Regulácia sprostredkovateľskej činnosti v ČR spracovaná v zákone č.38/2004 Z. z. o poisťovacích sprostredkovateľoch a samostatných likvidátoroch poistných udalostí a o zmene živnostenského zákona a v SR v zákone č 340/2005 Z. z. o sprostredkovaní poistenia a sprostredkovaní zaistenia. Úprava sprostr...

Ausführliche Beschreibung

Gespeichert in:
Bibliographische Detailangaben
1. Verfasser: Hellebrand, Pavel
Format: Buchkapitel
Sprache:Tschechisch
Schlagworte:
Tags: Tag hinzufügen
Keine Tags, Fügen Sie das erste Tag hinzu!

MARC

LEADER 00000naa$a2200000$$$4500
001 0054781
005 20230927103140.0
041 0 |a cze 
044 |a CZ 
245 1 0 |a Srovnání nových zákonů regulujících zprostředkování pojistění v ČR a SR  |c Pavel Hellebrand 
520 |a Regulácia sprostredkovateľskej činnosti v ČR spracovaná v zákone č.38/2004 Z. z. o poisťovacích sprostredkovateľoch a samostatných likvidátoroch poistných udalostí a o zmene živnostenského zákona a v SR v zákone č 340/2005 Z. z. o sprostredkovaní poistenia a sprostredkovaní zaistenia. Úprava sprostredkovateľskej činnosti v poisťovníctve. Analýza definície poisťovacieho agenta (makléra, sprostredkovateľa). 
610 2 0 |a Česko 
610 2 0 |a poistenie 
610 2 0 |a sprostredkovatelia 
610 2 0 |a makléri 
610 2 0 |a Slovensko 
610 2 0 |a legislatíva 
100 1 |a Hellebrand, Pavel